Score 0/20 Timer 03:00
0 Plays Today
Movie Title Missing Word % Correct
Kill _____: Vol. 2 ♡ Bill
98%
The Diary of _____ Frank ♡ Anne ♡
95.8%
Good _____ Hunting♥ Will
94.9%
Sweeney _____: The Demon Barber of Fleet Street♥ Todd ♥
93.3%
There's Something About _____♥ Mary ♥
91.2%
Crouching Tiger, Hidden ________Dragon ♥
89.1%
________ Lincoln: Vampire Hunter♥ Abraham ♥
86.3%
______'s Rib♥ Adam
83.4%
All About ____Eve ♥
80.6%
______-Drunk Love ♡ Punch
73.6%
Movie Title Missing Word % Correct
Glengarry Glen _____♥ Ross
65.1%
The Other ________ Girl ♡ Boleyn ♡
65%
_____ & LeopoldKate ♥
60.6%
Regarding ______ ♡ Henry ♡
50.3%
_______ Getting MarriedRachel ♥
44.3%
_____ Moody and the Not Bummer SummerJudy ♡
41.4%
Letters to _______Juliet ♡
38.9%
______ is Bleeding ♡ Romeo
33.9%
________ and JackieHilary ♡
24.9%
_______ Punch♥ Donkey
11.3%

Today's Daily Dose

Remove Ads.
Support Sporcle.
Get the best of Sporcle when you Go Orange. This ad-free experience offers more features, more stats, and more fun while also helping to support Sporcle. Thank you for becoming a member.

You're not logged in!

Compare scores with friends on all Sporcle quizzes.
OR
Log In

Show Comments

Extras

Top Quizzes Today


Score Distribution

Your Account Isn't Verified!

In order to create a playlist on Sporcle, you need to verify the email address you used during registration. Go to your Sporcle Settings to finish the process.

Report this User

Report this user for behavior that violates our Community Guidelines.

Details: